Hardest NBA Quiz - Statistics

General Stats
  • This quiz has been taken 151 times
  • The average score is 12 of 20
Answer Stats
Hint Answer % Correct
How many threes did Shaq made in his whole career 1
100%
True or False: Adam Silver played in the NBA False
91%
True or false: Air Jordan's were once banned from the NBA True
91%
True or False; The shortest player and tallest player to ever play was on the same team at one point. True
91%
What pick was Michael Jordan? 3
89%
What year was the NBA created? 1946
82%
How tall was Muggsy Bogues 5"3
82%
What pick was Kobe Bryant? 13
79%
What is Kobe's career high? 81
75%
Who is the only man to average a triple double for the season? Oscar Robertson
69%
Who scored the most points in a quarter with 37 points? Klay Thompson
65%
What is Kevin Durant's career high? 54
64%
What is Michael Jordan's career high? 69
64%
Who is the best 60th pick of all time? Isaiah Thomas
41%
What three hall of famers lead their team to a three peat? Michael Jordan, Scottie Pippen and Dennis Rodman
38%
Who once averaged 50 for a season? Wilt Chamberlin
21%
Who has the most steals in an NBA playoff game? Allen Iverson
14%
What was the name of Rhode Island's basketball team back in the start of the NBA Providence Steamrollers
7%
Who was the first player drafted into the NBA? Clifton McNeeley
3%
Who has the most points in a playoff games? (Hint, it could or could not be a tie between two players) Michael Jordan and Donovan Mitchell
3%
No matching quizzes found
Score Distribution
Percent of People with Each Score
Percentile by Number Answered
Your Score History
You have not taken this quiz